000 00407nam a22001697a 4500
003 MPLRDC
005 20220104124107.0
008 210129b ||||| |||| 00| 0 eng d
082 _a859.8 LZQ
100 _a梁志庆著
245 _a给马华儿童文学扎根
_c
250 _a初版
260 _a
_b南马文艺研究会
_c1992
300 _b
650 _a儿童文学
942 _cBK
_o859.8 LZQ
999 _c16592
_d16582